书目信息 |
| 题名: |
社会主义经济中计划与市场的关系
|
|
| 作者: | ;中国社科院经济研究所资料室 编 | |
| 分册: | (下) | |
| 出版信息: | 北京 中国社会科学出版社 1980.01 |
|
| 页数: | 417-781页 | |
| 开本: | 19cm | |
| 丛书名: | 社会主义经济中价值规律问题文章选编 | |
| 单 册: | ||
| 中图分类: | F043 | |
| 科图分类: | ||
| 主题词: | 社会主义社会--生产方式 | |
| 电子资源: | ||
| ISBN: | ||
| 000 | 00784nam0 2200217 45 | |
| 001 | 0309081097 | |
| 005 | 20060811175911.26 | |
| 010 | @dCNY1.70 | |
| 091 | @a4190.019 | |
| 100 | @a20030908d1980 km y0chiy0120 ea | |
| 101 | 0 | @achi |
| 200 | 1 | @a社会主义经济中计划与市场的关系@AShe Hui Zhu Yi Jing Ji Zhong Ji Hua YuShi Chang De Guan Xi@h(下)@f中国社科院经济研究所资料室等编@FZhong Guo She Ke Yuan Jing Ji Yan Jiu Suo Zi Liao Shi Deng Bian |
| 210 | @a北京@c中国社会科学出版社@d1980.01 | |
| 215 | @a417-781页@d19cm | |
| 225 | @a社会主义经济中价值规律问题文章选编 | |
| 410 | @12001 @a社会主义经济中价值规律问题文章选编 | |
| 606 | 0 | @a社会主义社会@x生产方式 |
| 690 | @aF043@v3 | |
| 711 | 02 | @a中国社科院经济研究所资料室@4编 |
| 801 | @aCN@bTSTC@c20060811 | |
| 905 | @dF043@e10:2@f1@b30300 | |
| 社会主义经济中计划与市场的关系.(下)/中国社科院经济研究所资料室等编.-北京:中国社会科学出版社,1980.01 |
| 417-781页;19cm.-(社会主义经济中价值规律问题文章选编) |
| ISBN :CNY1.70 |
| ● |
| 相关链接 |
|
|
|
|
正题名:社会主义经济中计划与市场的关系
索取号:F043/10:2
 
预约/预借
| 序号 | 登录号 | 条形码 | 馆藏地/架位号 | 状态 | 备注 |
| 1 | 0030299 | 001813425 | 密集书库/ [索取号:F043/10:2] | 在馆 | |
| 2 | 0030300 | 001271983 | 第一样本阅览室/ [索取号:F043/10:2] | 在馆 | |
| 3 | 0448827 | 204488278 | 密集书库/ [索取号:F043/10:2] | 在馆 |